President Home States Quiz Stats

 Plays Quiz not verified by Sporcle

Score 0/43 Timer 10:00
0 Plays Today
President Home State % Correct
George WashingtonVirginia
98.5%
Thomas JeffersonVirginia
95.4%
James MonroeVirginia
93.8%
James MadisonVirginia
93.6%
John AdamsMassachusetts
93.2%
John Quincy AdamsMassachusetts
92.1%
George W. BushTexas
88.3%
George H.W. BushTexas
87.3%
Bill ClintonArkansas
87.3%
Barack ObamaIllinois
87.3%
Abraham LincolnIllinois
87%
Ronald ReaganCalifornia
86.4%
John F. KennedyMassachusetts
84%
Jimmy CarterGeorgia
84%
Franklin D. RooseveltNew York
82.9%
Andrew JacksonTennessee
82.4%
Richard NixonCalifornia
82.4%
Lyndon B. JohnsonTexas
81.5%
Martin Van BurenNew York
81.3%
Theodore RooseveltNew York
80.9%
Gerald FordMichigan
75%
William Henry HarrisonOhio
72.5%
President Home State % Correct
Harry S. TrumanMissouri
72.5%
Ulysses S. GrantOhio
71.7%
John TylerVirginia
71.6%
Woodrow WilsonNew Jersey
68.4%
Rutherford B. HayesOhio
68.1%
James GarfieldOhio
68.1%
William Howard TaftOhio
67.9%
William McKinleyOhio
66.6%
Grover ClevelandNew York
65.9%
Warren G. HardingOhio
65.9%
Andrew JohnsonTennessee
65.7%
Chester A. ArthurNew York
62.2%
Franklin PierceNew Hampshire
59.6%
James K. PolkTennessee
59.4%
Millard FillmoreNew York
58.3%
James Buchanan Pennsylvania
56.7%
Dwight D. EisenhowerNew York
54.7%
Benjamin HarrisonIndiana
53.6%
Calvin CoolidgeMassachusetts
51.7%
Herbert HooverCalifornia
46.1%
Zachary TaylorLouisiana
42.2%

You're not logged in!

Compare scores with friends on all Sporcle quizzes.
OR
Log In

You Might Also Like...

Show Comments

Extras

Top Quizzes Today


Score Distribution

Your Account Isn't Verified!

In order to create a playlist on Sporcle, you need to verify the email address you used during registration. Go to your Sporcle Settings to finish the process.

Report this User

Report this user for behavior that violates our Community Guidelines.

Details: